| 000 | 00441nam a2200145 4500 | ||
|---|---|---|---|
| 001 | 15869 | ||
| 010 | _a972-710-201-8 | ||
| 090 | _a15869 | ||
| 100 | _a20240124 pory50 | ||
| 200 |
_aO mar na cultura popular portuguesa _fMaria isabel de Mendonça Soares _gil. Leitão Soares |
||
| 215 |
_a88, [2] p. _cmuito il. _d22X30 cm |
||
| 700 |
_bMaria isabel de Mendonça Soares _f1922- |
||
| 702 | _bPedro Leitão | ||
| 801 |
_aPT _bBMA _gRPC |
||
| 990 | _cLIVROS | ||